000 00540nam a22001937i 4500
999 _c23561
_d23561
003 AR-CdUCM
008 260330b20222022pe a|||| |||| 00| 0 spa d
020 _a978-612-5095-35-0
040 _aMUNICIPALIDAD PROVINCIAL DEL CUSCO
_cBIBLIOTECA MUNICIPAL DEL CUSCO
041 _hspa
082 _aPI / 863
_bM39
100 _aMejia, Jose Luis
_926887
245 _a¡Que no! /
260 _aPerú :
_bLibut S.A.C.
_c2022
300 _a39 páginas. :
_c21x26 cm.
856 _fwww.libut.pe
942 _2ddc
_cLIBROS
945 _aesh
_d30-03-2026